Groupes Britanniques - Mort subite - Statistiques

Statistiques générales
  • Ce quiz a été pris 654 fois
  • Le résultat moyen est 7 sur 14
Answers on the Grid
Answers color-coded by a green-red scale on the quiz's grid according to % correct below.
Mickey 3D
Magic System
The Beatles
Louise Attaque
Muse
Daft Punk
The Rolling Stone
3 cafés gourmands
Oasis
Superbus
Queen
The Cure
Europe
Tryo
The Police
2 be 3
Genesis
Gojira
Coldplay
Indochine
Led Zeppelin
IAM
Scorpions
Supertramp
Kyo
Pink Floyd
The Doors
The Who
Sex Pistols
Shaka Ponk
 
Statistiques - réponses
Réponse % Correct
The Beatles
89%
The Rolling Stone
78%
Oasis
70%
Queen
70%
The Police
63%
The Cure
57%
Muse
54%
Coldplay
49%
Pink Floyd
45%
Sex Pistols
40%
The Who
40%
Genesis
34%
Supertramp
32%
Led Zeppelin
29%
Aucun quiz correspondant
Distribution des résultats
% des personnes avec chaque résultat
Percentile par nombre de réponses
Votre historique - résultats
Vous n’avez pas pris ce quiz